| 000 | 00473 a2200169 4500 | ||
|---|---|---|---|
| 003 | OSt | ||
| 005 | 20240209120124.0 | ||
| 008 | 240209b |||||||| |||| 00| 0 eng d | ||
| 040 | _coclc | ||
| 082 |
_a297 _bMOU/J |
||
| 100 |
_aMoulavi, Jamaludheen _910442 |
||
| 245 |
_aIslam Oru Nerkkazhcha / _cJamaludheen Moulavi |
||
| 250 | _a1st ed. | ||
| 260 |
_aMalappuram: _bThoolika, _c2022. |
||
| 300 | _a172p. | ||
| 942 |
_2ddc _cBK _h297 _iMOU/J _k297 _mMOU/J |
||
| 999 |
_c44427 _d44427 |
||